Otevřené teoretické problémy veřejné ekonomiky
Historický pohľad na vznik pojmu verejná ekonomika. Spoločné vlastnosti a rozdiely verejnej a súkromnej ekonomiky. Definovanie verejného efektu. Efektívne hospodárenie s verejnými zdrojmi.
Salvato in:
| Autore principale: | |
|---|---|
| Natura: | Capitolo di libro |
| Lingua: | ceco |
| Soggetti: | |
| Tags: |
Nessun Tag, puoi essere il primo ad aggiungerne!!
|
MARC
| LEADER | 00000naa a2200000 4500 | ||
|---|---|---|---|
| 001 | r047770 | ||
| 005 | 20231002130307.8 | ||
| 041 | 0 | |a cze | |
| 044 | |a CZ | ||
| 245 | 1 | 0 | |a Otevřené teoretické problémy veřejné ekonomiky |c Dušan Halásek |
| 520 | |a Historický pohľad na vznik pojmu verejná ekonomika. Spoločné vlastnosti a rozdiely verejnej a súkromnej ekonomiky. Definovanie verejného efektu. Efektívne hospodárenie s verejnými zdrojmi. | ||
| 610 | 2 | 0 | |a sektor verejný |
| 610 | 2 | 0 | |a financie verejné |
| 610 | 2 | 0 | |a pojmy |
| 610 | 2 | 0 | |a história |
| 610 | 2 | 0 | |a správa verejná |
| 610 | 2 | 0 | |a správa štátna |
| 100 | 1 | |a Halásek, Dušan | |